'The One With the Trivia' Friends Quiz - Statistics

General Stats
  • This quiz has been taken 451 times
  • The average score is 10 of 15
Answer Stats
Hint Answer % Correct
Chandler was how old when he first touched a girls breast? 19
89%
Monica categorizes her towels. How many categories are there? 11
88%
What was Monica's nickname when she was a field-hockey goalie? Big fat goalie
85%
In what part of her body did Monica get a pencil stuck at age 14? Her ear
82%
What is Joey's favorite food? Sandwiches
78%
His profession was? Space-Cowboy
75%
Her actual favorite movie is? Weekend at Bernie's
74%
What is the name of Chandler's father's Las Vegas all male burlesque? Viva Las Gaygas
65%
Joey had an imaginary childhood friend. His name was? Maurice
59%
Monica and I(Ross) have a grandmother who died. You went to her funeral. Name that grandmother! Althea
58%
Every week the TV Guide comes to Chandler and Joeys apt. What name appears on the address label? Chanandelor Bong
57%
What is Monica's biggest pet peeve? Animals dressed as humans.
56%
According to Chandler, what phenomenon scares the bejeezus out of him? Michael Flatley, Lord of the Dance
49%
What is Chandler Bing's job? (prior to season 9) (wide variety of answers accepted!) IT procurement manager with the specialization Statistical analysis and data reconfiguration.
39%
Rachel claims this is her favorite movie. Dangerous Liaisons
37%
No matching quizzes found
Score Distribution
Percent of People with Each Score
Percentile by Number Answered
Your Score History
You have not taken this quiz